000
00254nam a2200097Ia 4500
001
1251160
005
20251031150910.0
008
251031s9999 xx 000 0 und d
245
0
_c
GÜLNİHAL BÜLBÜL
_a
I-5 DOĞAL DOĞUM
260
_b
HAYY KİTAP YAYINLARI
999
_c
1251160
_d
1251160